| 000 | 02478nam a22003737a 4500 | ||
|---|---|---|---|
| 001 | 105968 | ||
| 003 | KnowledgeUnlatched | ||
| 005 | 20210303104935.0 | ||
| 006 | m o d | ||
| 007 | cr u|||||||||| | ||
| 008 | 210129p20202020xx o u00| u ger d | ||
| 037 | _5BiblioBoard | ||
| 245 | 0 | 0 |
_aRegesten Kaiser Friedrichs III (1480-1482) _bDie Urkunden und Briefe des Ă–sterreichischen Staatsarchivs in Wien, Abt. Haus-, Hof- und Staatsarchiv: Allgemeine Urkundenreihe, Familienurkunden und Abschriftensammlungen (1480-1482). Bearbeitet von Petra Heinicker und Anne-Katrin Kunde / _cAnne-Katrin Kunde, Petra Heinicker. |
| 020 | _a9783205232155 | ||
| 024 | 8 | _ahttps://doi.org/10.7767/9783205232155 | |
| 029 | 1 | _ahttps://library.biblioboard.com/ext/api/media/13c94a6e-958f-4f8a-9c8a-5d00a385d0d7/assets/thumbnail.jpg | |
| 040 |
_aScCtBLL _cScCtBLL |
||
| 506 | 0 |
_aAccess copy available to the general public. _fUnrestricted _2star |
|
| 700 | 1 |
_aKunde, Anne-Katrin _eeditor. |
|
| 700 | 1 |
_aHeinicker, Petra _eeditor. |
|
| 264 | 1 | _bBöhlau, | |
| 300 | _a1 online resource (1 p.) | ||
| 520 | _aThis volume lists 222 documents and letters from Emperor Friedrich III. from the Vienna State Archives, which were issued in the years of government 1480-1482 and were aimed at a large number of addressees in the Empire and in the Habsburg lands. They relate to political conflicts, such as the dispute over the new occupation of the Salzburg Erzstuhl, the emperor's disputes with the Hungarian king Matthias Corvinus and the planned appointment of those from Groningen to Reichspotestaten from Friesland, but above all depict the activities and official acts of the Habsburg in his inheritance . The latter shed light on local ownership structures and interdependencies between Frederick III's financial needs. and the chances of social and political integration of its donors. | ||
| 588 | 0 | _aDescription based on print version record. | |
| 590 | _aKU Open Services | ||
| 650 | 7 |
_aHistory / Europe _2bisacsh |
|
| 650 | 0 | _aHistory | |
| 655 | 0 | _aElectronic books. | |
| 758 |
_iIs found in: _aKnowledge Unlatched _1https://openresearchlibrary.org/module/2774bc74-146a-484f-a7ba-ab1d6a09bbfb |
||
| 856 | 4 | 0 |
_uhttps://openresearchlibrary.org/content/13c94a6e-958f-4f8a-9c8a-5d00a385d0d7 _zView this content on Open Research Library. _70 |
| 999 |
_c33035 _d33035 |
||